000 00327nam a2200133Ia 4500
005 20251222144729.0
008 251222s9999||||xx |||||||||||||| ||spa||
020 _a84-89047-23-5
082 _a936.4/M32
100 _aMay G., Pedro Pablo
245 0 _aMito y Realidad de la Leyenda Celta
264 _bContastre
942 _cLIB
999 _c18525
_d18525